| 000 | 00884nam a22002897a 4500 | ||
|---|---|---|---|
| 003 | CHAP | ||
| 005 | 20220329133642.0 | ||
| 008 | 971013s1984 r 00010 d | ||
| 010 | _a9057 | ||
| 011 | _a10029 | ||
| 035 | _a9266 | ||
| 040 | _cCHAP | ||
| 082 |
_a595.7 _bH83 |
||
| 100 | 0 | 0 |
_aHuffaker, Carl Barton. ed. _eed. _956772 |
| 245 | _aEcological entomology | ||
| 260 |
_aNew York : _bJohn Willey & Sons, _c1984 |
||
| 300 |
_a844 p. _b: ilus. ; gráfs |
||
| 590 |
_aBATCH-UPD _b10 _c20130110 _lUCH01 _h1417 |
||
| 590 |
_aBATCH-UPD _b10 _c20130410 _lUCH01 _h0901 |
||
| 590 |
_aBATCH-UPD _b10 _c20130914 _lUCH01 _h1040 |
||
| 590 |
_aCONVERSION _b10 _c20130109 _lUCH01 _h1306 |
||
| 650 | 1 | 4 |
_aControl de plagas. _927595 |
| 650 | 1 | 4 |
_aEcología de insectos. _935172 |
| 901 | _aBK | ||
| 942 | _cLIBRO | ||
| 949 |
_a595.7 H83 _bBC _cLIBRO _d33724000348868 _eLIBRO _gI.c/e _h78162 _i9266 _si _t89.60 |
||
| 999 |
_c9057 _d9057 |
||